Základem exportu není jen levná přeprava

Cena dopravného je len zlomkom toho, čo musí firma na export svojích produktov vynaložiť. Dôležitý je komplexný pohľad na celý dodávateľsko-odberateľský reťazec.

Gespeichert in:
Bibliographische Detailangaben
1. Verfasser: Kolář, Vojtěch
Format: Buchkapitel
Sprache:Tschechisch
Schlagworte:
Tags: Tag hinzufügen
Keine Tags, Fügen Sie das erste Tag hinzu!

MARC

LEADER 00000naa a2200000 4500
001 0226413
005 20170125143436.0
041 0 |a cze 
044 |a CZ 
245 1 0 |a Základem exportu není jen levná přeprava  |c Vojtěch Kolář 
520 |a Cena dopravného je len zlomkom toho, čo musí firma na export svojích produktov vynaložiť. Dôležitý je komplexný pohľad na celý dodávateľsko-odberateľský reťazec. 
610 2 0 |a logistika distribučná 
610 2 0 |a znižovanie nákladov 
610 2 0 |a reťazce dodávateľsko-odberateľské 
610 2 0 |a reťazce distribučné 
610 2 0 |a reťazce logistické 
100 1 |a Kolář, Vojtěch